| 000 | 00703nam a2200217 a 4500 | ||
|---|---|---|---|
| 005 | 20210219153052.0 | ||
| 008 | 991125n 000 0 u | ||
| 035 | _aUPN01000075602 | ||
| 100 | _aKlein, Eberthard | ||
| 222 |
_aREADING : _bA JOURNAL FOR THE STUDY AND IMPROVEMENT OF READING AND RELATED SKILLS |
||
| 245 | _aElements of a text type-oriented model of second language reading within a communicative EFL/ESL syllabus | ||
| 300 | _a29-33 | ||
| 362 | _a25, No. 3, 1991 | ||
| 505 | _aJulio 1993 | ||
| 653 | 0 | _aAPRENDIZAJE DE SEGUNDA LENGUA | |
| 653 | 0 | _aINVESTIGACION EN LA LECTURA | |
| 653 | 0 | _aMODELOS | |
| 653 | 0 | _aPROCESOS DE LECTURA | |
| 904 |
_aAC _b013413 |
||
| 905 | _aArticulo | ||
| 999 |
_c67633 _d67633 |
||